Αρχιτεκτονική : μορφή, χώρος και διάταξη
Αποθηκεύτηκε σε:
| Κύριος συγγραφέας: | |
|---|---|
| Άλλοι συγγραφείς: | , |
| Μορφή: | Βιβλίο |
| Γλώσσα: | Greek English |
| Δημοσίευση: |
Αθήνα :
Ίων,
c1999.
|
| Έκδοση: | 2η εκδ. |
| Θέματα: | |
| Ετικέτες: |
Προσθήκη ετικέτας
Δεν υπάρχουν, Καταχωρήστε ετικέτα πρώτοι!
|
MARC
| LEADER | 00000cam a2200000 i 4500 | ||
|---|---|---|---|
| 001 | 1/50379 | ||
| 008 | 040309s1999 gr | ||| |||| ||gre|| | ||
| 020 | |a 9604059459 | ||
| 035 | |l 10072573 | ||
| 040 | |a GR-MyUA |b gre |e AACR2 | ||
| 041 | 1 | |a gre |h eng | |
| 082 | 0 | |a 720.1 |2 (21) | |
| 100 | 1 | |a Ching, Francis D. K., |d 1943- | |
| 245 | 1 | 0 | |a Αρχιτεκτονική : |b μορφή, χώρος και διάταξη / |c Francis D. K. Ching ; μετάφραση Δωρίς Φακίρη ; ειμέλεια ελληνικής έκδοσης Βασίλης Γεωργιάννης. |
| 250 | |a 2η εκδ. | ||
| 260 | |a Αθήνα : |b Ίων, |c c1999. | ||
| 300 | |a xiv, 375 σ. : |b εικ. ; |c 29 εκ. | ||
| 500 | |3 Τίτλος πρωτοτύπου: Architecture, form, space, & order. | ||
| 650 | 0 | 0 | |a Architecture |x Composition, proportion, etc. |
| 650 | 0 | 0 | |a Space (Architecture) |
| 700 | 1 | |a Φακίρη, Δωρίς, |e trlf | |
| 700 | 1 | |a Γεωργιάννης, Βασίλης, |e edt | |
| 852 | |a INST |b SYROS |e 20040309 |h 720.1 CHI |p 005500003034 |q 005500003034 |t BK |y 4 |x 20150512 | ||
| 901 | |a BIBL5-2004-1 | ||
| 909 | |a Ε |b 111524 | ||
| 970 | |a ΚΟΝΤΟΥ |b ΠΑΡΑΣΚΕΥΗ |z 2004/03/09 | ||